[Event "SM-gruppen"]
[Site "Kungsör"]
[Date "2009.07.11"]
[Round "13"]
[White "Hillarp Persson, Tiger"]
[Black "Hänninger, Simon"]
[Result "1-0"]
[WhiteElo "2618"]
[BlackElo "2167"]
[Annotator ""]

1.e4 c6 2.d4 d5 3.e5 Bf5 4.Nf3 e6 5.Be2 Nd7 6.O-O Ne7 7.Nbd2
h6 8.Nb3 Bh7 9.Bd2 Nf5 10.a4 Be7 11.a5 a6 12.c4 O-O 13.Rc1 Nh4
14.Nxh4 Bxh4 15.cxd5 cxd5 16.Bb4 Be7 17.Qd2 Nb8 18.Bxe7 Qxe7
19.Nc5 Nc6 20.b4 Rfc8 21.Rfe1 Bf5 22.Bd1 Rc7 23.g3 Bg6 24.h4
Bf5 25.Kg2 Bg6 26.h5 Bf5 27.g4 Bh7 28.Kg3 Rb8 29.f4 Kh8 30.Bc2
Bxc2 31.Rxc2 Rbc8 32.Rcc1 Kg8 33.Re3 Kh8 34.Rf1 g6 35.Re2 Kg7
36.Rh2 Rh8 37.hxg6 fxg6 38.Rfh1 Nd8 39.f5 gxf5 40.Rxh6 1-0